000 00309nam a22001457a 4500
008 221012b ||||| |||| 00| 0 eng d
020 _a9780324380675
041 _aeng
080 _21OE
_a7
082 _a7
100 _a21.2
101 _aART
245 _aFINANCIAL ACCOUNTING
_cWARREN
942 _2udc
_cBK
999 _c58521
_d58521